Punched-card systems and the early information explosion, 1880-1945

Bibliographic Details
Main Author: Heide, Lars, 1950-
Corporate Author: ProQuest (Firm)
Format: Electronic eBook
Language:English
Published: Baltimore : Johns Hopkins University Press, 2009.
Series:Studies in industry and society.
Subjects:
Online Access:Click to View
LEADER 01900nam a2200409 a 4500
001 EBC3318554
003 MiAaPQ
005 20200520144314.0
006 m o d |
007 cr cn|||||||||
008 080707s2009 mdua sb 001 0 eng
010 |z  2008028731 
020 |z 9780801891434 (hardcover : alk. paper) 
020 |z 0801891434 (pbk. : alk. paper) 
035 |a (MiAaPQ)EBC3318554 
035 |a (Au-PeEL)EBL3318554 
035 |a (CaPaEBR)ebr10381425 
035 |a (OCoLC)923194857 
040 |a MiAaPQ  |c MiAaPQ  |d MiAaPQ 
043 |a n-us---  |a e------ 
050 4 |a HF5548  |b .H387 2009 
082 0 4 |a 004/.9  |2 22 
100 1 |a Heide, Lars,  |d 1950- 
245 1 0 |a Punched-card systems and the early information explosion, 1880-1945  |h [electronic resource] /  |c Lars Heide. 
260 |a Baltimore :  |b Johns Hopkins University Press,  |c 2009. 
300 |a 369 p. :  |b ill. 
490 1 |a Studies in industry and society 
504 |a Includes bibliographical references (p. 279-350) and index. 
505 0 |a Punched cards and the 1890 United States census -- New users, new machines -- U.S. challengers to Hollerith -- The rise of international business machines -- Decline of punched cards for European census processing -- Punched cards for general statistics in Europe -- Different roads to European punched-card bookkeeping -- Keeping tabs on society with punched cards. 
533 |a Electronic reproduction. Ann Arbor, MI : ProQuest, 2015. Available via World Wide Web. Access may be limited to ProQuest affiliated libraries. 
650 0 |a Punched card systems. 
650 0 |a Information technology  |z United States. 
650 0 |a Information technology  |z Europe. 
655 4 |a Electronic books. 
710 2 |a ProQuest (Firm) 
830 0 |a Studies in industry and society. 
856 4 0 |u https://ebookcentral.proquest.com/lib/matrademy/detail.action?docID=3318554  |z Click to View